Los Baroja : memorias familiares /

Bibliographic Details
Main Author: Caro Baroja, Julio
Format: Book
Language:Spanish
Published: Madrid : Taurus, 1978.
Edition:2. ed. corr. y aumentada.
Series:Persiles ; 50
Subjects:

MARC

Tag First Indicator Second Indicator Subfields
LEADER 00000cam a2200000 i 4500
001 in00000054421
005 20151008052030.0
008 790709s1978 sp 00110aspa
010 |a  79355176  
015 |a Sp*** 
020 |a 8430620508 
035 |a (OCoLC)05311950 
035 |9 AAH1321AM 
040 |a DLC  |c DLC  |d TXA  |d UtOrBLW 
049 |a TXAM  |c [981038] 
050 0 0 |a DP63.7.C32  |b A34 1978 
082 0 |a 946.08/092/46  |a B 
100 1 |a Caro Baroja, Julio. 
245 1 4 |a Los Baroja :  |b memorias familiares /  |c Julio Caro Baroja. 
250 |a 2. ed. corr. y aumentada. 
264 1 |a Madrid :  |b Taurus,  |c 1978. 
300 |a 539 pages ;  |c 21 cm. 
336 |a text  |b txt  |2 rdacontent 
337 |a unmediated  |b n  |2 rdamedia 
338 |a volume  |b nc  |2 rdacarrier 
490 0 |a Persiles ; 50 
500 |a Includes index. 
600 1 0 |a Caro Baroja, Julio. 
600 3 0 |a Baroja family. 
650 0 |a Historians  |z Spain  |v Biography. 
650 0 |a Ethnologists  |z Spain  |x Biography. 
999 |a MARS 
999 f f |s 06071129-4cba-3e98-b1ce-690ced99a1c4  |i dec4186e-d6b7-36df-a34d-8654f94c8f02  |t 0 
952 f f |p ric  |a Texas A&M University  |b Rellis Campus  |c Joint Library Facility  |d Remote Storage  |t 0  |e DP63.7.C32 A34 1978  |h Library of Congress classification  |i unmediated -- volume  |m A14802013632 
998 f f |a DP63.7.C32 A34 1978  |t 0  |l Remote Storage